Normal view MARC view
  • Ikram, S. M.

Entry Personal Name

Number of records used in: 3

001 - CONTROL NUMBER

  • control field: 1752

003 - CONTROL NUMBER IDENTIFIER

  • control field: NUST

005 - DATE AND TIME OF LATEST TRANSACTION

  • control field: 20170601092756.0

008 - FIXED-LENGTH DATA ELEMENTS

  • fixed length control field: 170601|| aca||aabn | a|a d

040 ## - CATALOGING SOURCE

  • Original cataloging agency: NUST
  • Transcribing agency: NUST

100 ## - HEADING--PERSONAL NAME

  • Personal name: Ikram, S. M.
  • Fuller form of name: (Sheikh Mohamad),

670 ## - SOURCE DATA FOUND

  • Source citation: Work cat.: (NUST)0: Ikram, S. M. (Sheikh Mohamad),, Modern Muslim India and the birth of Pakistan, 1858-1951 /, 1977.
© 2023 Central Library, National University of Sciences and Technology. All Rights Reserved.